| 000 | 00632nam a22002057a 4500 | ||
|---|---|---|---|
| 005 | 20251108164809.0 | ||
| 008 | 250721s1980 xx 000 0 ara d | ||
| 082 | 1 | 4 | _a616.1/بوم |
| 100 | 1 | _aبوميرانز، هرمن | |
| 245 | 1 | 0 | _aالضغط الدموي و كيف نتعايش معه / |
| 246 | 1 | 1 | _aHigh blood pressure |
| 264 | 1 |
_aبيروت : _bدار النفائس، _c1980. |
|
| 300 | _a328ص | ||
| 650 | 1 | 7 | _aالجهاز الدموي |
| 650 | 1 | 7 | _aالأمراض |
| 650 | 1 | 7 | _aضغط الدم |
| 700 | 1 |
_aالعلمي، عبد الحليم عبد الله _eترجمة |
|
| 942 |
_2ddc _cBK |
||
| 999 |
_c14589 _d14589 |
||